Výskyt škodlivých činiteľov v lesoch Slovenska za rok 1995 a ich prognóza na rok 1996 účelový elaborát

Bibliographic Details
Main Author: Varínsky, Juraj (Author)
Format: Book
Language:Slovak
Published: Zvolen Lesnícky výskumný ústav 1996
Subjects:

MARC

LEADER 00000nam a2200000 a 4500
001 vtls001218156
003 SK-MaSNL
005 20260301154419.0
008 240226s1996 xo a y slo
015 |a SNBE1996/0201021 
020 |a 8088853028 
035 |a SNK000161582 
035 |a urn:nbn:sk:snk-amyfzy 
035 |a urn:nbn:sk:snk-am00cm0i 
035 |a 74FEBF98-BA32-4B56-B851-C5E1E0EE595C 
035 |a urn:nbn:sk:snk-am00cn4e 
035 |a 447CD320-F566-47F8-B909-19AE6FA01FB9 
040 |a SNK  |b slo  |c SNK  |e AACR2 
041 0 |a slo 
044 |a xo  |c SK 
080 |a 630*4.001.5:502.56(083.9)"1995/1996  |2 1981 
245 0 |a Výskyt škodlivých činiteľov v lesoch Slovenska za rok 1995 a ich prognóza na rok 1996  |b účelový elaborát  |c spracoval Juraj Varínsky a kolektív 
260 |a Zvolen  |b Lesnícky výskumný ústav  |c 1996 
300 |a [112] s.  |b grafy, mp., tab.  |c 30 cm 
500 |a 500 výt. 
650 0 7 |a lesy  |x činitele škodlivé  |z Slovensko  |y 1995  |x štúdie  |x spravodaje informačné  |2 SNK  |9 517280 
655 7 |a informačné publikácie  |2 SNK  |9 70181 
700 1 |a Varínsky, Juraj  |4 aut  |9 7686 
919 |a 80-88853-02-8 
958 |a TL 
999 |c 796830  |d 798760 
952 |t P60, <09>, [BOOK], {629}  |a SNK  |b SNK  |y NEVYP  |7 0  |o snkB 631  |i snk2235/960709  |0 0  |1 0  |4 0  |d 1996-07-04  |l 0  |r 2005-01-01 00:00:00  |w 2026-02-24 
952 |t P60, <03>, [BOOK], {603}  |a SNK  |b SNK  |y PREZ  |7 0  |p 17A0005727  |o snkSB 55589  |i snkKSP 5331/96  |0 0  |1 0  |4 0  |d 1996-07-04  |f 1  |l 0  |r 2025-03-28 00:00:00  |w 2026-02-24 
952 |t P60, <04>, [BOOK], {604}  |a SNK  |b SNK  |y VYP  |7 0  |p 17A0005726  |o snkSB 55589 D1  |i snkKSP 5332/96  |0 0  |1 0  |4 0  |d 1996-07-04  |l 0  |r 2005-01-01 00:00:00  |w 2026-02-24 
952 |t Príloha: 1 voľ. list  |a SNK  |b SNK  |y PREZ  |7 0  |p 17A1053553  |o snkSB 55589/príl.  |i snkKSP 6278/98  |3 Príloha: 1 voľ. list  |0 0  |1 0  |4 0  |d 2012-12-17  |f 1  |l 0  |r 2026-02-24 01:55:50  |w 2026-02-24